'Many-Me' Movie Multiples Quiz Stats

Quiz Updated Nov 25, 2015

Challenge
Share
Tweet
Score 0/24 Timer 06:00
1 Play Today
% Correct
Avatar
97.4%
Back to the Future Part II
95.3%
Austin Powers in Goldmember
93.6%
Mrs. Doubtfire
93%
Monty Python and the Holy Grail
89.2%
The Matrix Reloaded
88.8%
Harry Potter and the Deathly Hallows: Part 1
83.5%
Nutty Professor II: The Klumps
81.3%
Being John Malkovich
78.1%
Bill & Ted's Bogus Journey
74%
Spaceballs
73.3%
The Parent Trap
72.5%
% Correct
Tootsie
70.9%
Dr. Strangelove or: How I Learned to Stop Worrying and Love the Bomb
64.3%
The Man in the Iron Mask
62.8%
Star Wars: Episode II - Attack of the Clones
61.5%
The Social Network
57%
Some Like It Hot
55.8%
Jack and Jill
53.5%
Resident Evil: Afterlife
51.4%
The Great Dictator
40.1%
The Prestige
39.4%
Adaptation.
35.9%
Invasion of the Body Snatchers
29.5%

You're not logged in!

Compare scores with friends on all Sporcle quizzes.
Join for Free
OR
Log In

You Might Also Like...

Show Comments

Extras

Top Quizzes Today


Score Distribution

Your Account Isn't Verified!

In order to create a playlist on Sporcle, you need to verify the email address you used during registration. Go to your Sporcle Settings to finish the process.

Report this User

Report this user for behavior that violates our Community Guidelines.

Details: